| 000 | 00951nas a2200325 4500 | ||
|---|---|---|---|
| 001 | BR0305242 | ||
| 003 | BR-BrBNA | ||
| 005 | 20231205104139.0 | ||
| 007 | ta | ||
| 008 | 230509b bl.|||p| |||| 00| 00por d | ||
| 040 |
_aBR-BrBNA _bpor _cBiblioteca Nacional de Agricultura |
||
| 041 | _a(eN) | ||
| 072 | _aQ04 | ||
| 100 | 1 | _aRivero, F. | |
| 100 | 1 | _aFallarero, A. | |
| 100 | 1 | _aCastañeda, O. | |
| 100 | 1 | _aDajas, F. | |
| 100 | 1 | _aManta, E. | |
| 100 | 1 | _aAreces, F. | |
| 100 | 1 | _aMancini FIlho, J. | |
| 100 | 1 | _aVidal, A. | |
| 245 | 1 | _aAntioxidant activity in vivo and in vitro of Halimeda incrassata aqueous extracts | |
| 650 | _aALGA | ||
| 650 | _aANTIOXIDANTE | ||
| 650 | _aPRESERVAÇÃO DE ALIMENTO | ||
| 650 | _aCULTURA IN VITRO | ||
| 773 | 0 |
_tCiência e Tecnologia de Alimentos (Brazil) _xISSN 0101-2061 _g(May-Aug 2003), v. 23(2) p. 256-263 _wBR0305242 |
|
| 909 |
_a202311 _bLúcia _c55 _dLúcia Elande |
||
| 942 |
_2AGRIS _n0 _cANA |
||
| 999 |
_c176615 _d176615 |
||